Los emigrantes de Curré Yimba /
Se presentan los datos de la emigración de indígenas de la comunidad de Curré/Yimba desde la década de los setenta hasta el 2004. Se describen los lugares de migración y las listas de personas que han abandonado la comunidad. Se discuten las razones por las cuales las personas dejan la comunidad. Ad...
Salvato in:
| Autore principale: | |
|---|---|
| Natura: | testo |
| Soggetti: | |
| Tags: |
Aggiungi Tag
Nessun Tag, puoi essere il primo ad aggiungerne!!
|
MARC
| LEADER | 00000 a a2200000 04500 | ||
|---|---|---|---|
| 001 | 4303 | ||
| 003 | |||
| 040 | |||
| 100 | |a Rojas Rojas, Uriel | ||
| 245 | |a Los emigrantes de Curré Yimba / |c Uriel Rojas Rojas | ||
| 520 | |a Se presentan los datos de la emigración de indígenas de la comunidad de Curré/Yimba desde la década de los setenta hasta el 2004. Se describen los lugares de migración y las listas de personas que han abandonado la comunidad. Se discuten las razones por las cuales las personas dejan la comunidad. Además se actualizan los datos al 2006 | ||
| 650 | |a POBLACION INDIGENA | ||
| 650 | |a MIGRACION | ||
| 650 | |a COSTA RICA | ||
| 773 | |g número 16; páginas 157-164 | ||
| 999 | |c 20797 |d 20797 | ||
